| 000 | 00570nam a22001937a 4500 | ||
|---|---|---|---|
| 003 | OSt | ||
| 005 | 20170324172922.0 | ||
| 008 | 170324b xxu||||| |||| 00| 0 eng d | ||
| 020 | _a0387029303 | ||
| 040 | _cDDC. | ||
| 082 | _a539WEB 2004. | ||
| 100 |
_aWebb,Stephen; _911956 |
||
| 245 |
_aout of the World: _bColliding Universes,Branes,strings and Other Wild Ideas of Modern Physics. |
||
| 260 |
_aNew York: _bCopernicus Books. _c2004: |
||
| 300 |
_axii,308p; _bill: _c24cm. |
||
| 504 | _aincludes glossary and index. | ||
| 650 |
_aPhysics. _9809 |
||
| 942 |
_2ddc _cO_SHELF |
||
| 999 |
_c5744 _d5744 |
||